000 00316nam a2200121Ia 4500
008 191201s2014 xx 000 0 und d
100 _aSANDHU,Abhey Singh
245 0 _aShaheed-E-Azam Bhagat Singh ki Jail Diary
260 _aPIET
_bUnistar Books
_c2014
300 _a307
650 _aGeneral Books
942 _2ddc
_cBK
_01
999 _c129
_d129